000 00581nam a2200229 i 4500
001 C2-0075313
003 PPAK
005 20180727081516.0
008 970429s1982 enk |||| ||||| | eng d
020 _a0333310675
040 _aPPAK
_beng
_cPPAK
_erda
082 0 4 _a310
_223
090 0 0 _a310
_bHAN
_dG
100 1 _aHannagan, T. J.,
_eauthor
245 1 0 _aMastering statistics
264 1 _aLondon :
_bMacmillan ,
_c1982
300 _a244 pages ;
_c22 cm
336 _2rdacontent
_atext
337 _2rdamedia
_aunmediated
338 _2rdacarrier
_avolume
942 _ddc
_cB
999 _c11148
_d11148